<?xml version="1.0" encoding="UTF-8"?>
<marc:record xmlns:marc="http://www.loc.gov/MARC21/slim">
   <marc:leader>00000nam a2200000 a 4500</marc:leader>
   <marc:datafield ind1="1" ind2=" " tag="100">
      <marc:subfield code="a">Moore, Liz</marc:subfield>
      <marc:subfield code="4">aut</marc:subfield>
      <marc:subfield code="e">Verfasser/-in</marc:subfield>
   </marc:datafield>
   <marc:datafield ind1="0" ind2="0" tag="245">
      <marc:subfield code="a">Der Gott des Waldes</marc:subfield>
   </marc:datafield>
   <marc:datafield ind1=" " ind2="1" tag="264">
      <marc:subfield code="b">C. H. Beck</marc:subfield>
      <marc:subfield code="c">2025</marc:subfield>
   </marc:datafield>
   <marc:datafield ind1="1" ind2=" " tag="520">
      <marc:subfield code="a">Manche sagen, es sei tragisch, was den Van Laars widerfahren ist. Manche sagen, die Familie habe es verdient. Sie hätten sich nicht einmal bei den Suchern bedankt, die fünf Nächte lang im eiskalten Wald aushaarten, um ihren vermissten Sohn zu finden. Manche sagen, es habe einen Grund gegeben, warum die Familie so lange brauchte, um Hilfe zu rufen. Dass sie wussten, was mit dem Jungen geschehen war. 
Jetzt, vierzehn Jahre später, ist die Tochter der Van Laars in derselben Wildnis wie ihr Bruder verschwunden. Manche sagen, es gebe keine Verbindung zwischen den Fällen. Manche sagen, so etwas könne kein Zufall sein.
</marc:subfield>
   </marc:datafield>
   <marc:datafield ind1=" " ind2=" " tag="020">
      <marc:subfield code="a">9783406829772</marc:subfield>
      <marc:subfield code="9">9783406829772</marc:subfield>
   </marc:datafield>
</marc:record>
